Statistics for Premier League Players by Number - 8

Click here to take the quiz!

General Stats

  • This quiz has been taken 21 times
  • The average score is 11 of 18

Answer Stats

PositionClubNationPlayer% Correct
MFChelseaCroatiaMateo Kovacic
93%
MFManchester CityGermanyIlkay Gundogan
87%
MFArsenalNorwayMartin Odegaard
87%
MFTottenham HotspurEnglandHarry Winks
80%
MFLiverpoolGuineaNaby Keita
80%
MFManchester UnitedSpainJuan Mata
73%
MFLeicester CityBelgiumYouri Tielemans
73%
DFCrystal PalaceSenegalCheikhou Kouyate
67%
MFSouthamptonEnglandJames Ward-Prowse
67%
MFWest Ham UnitedSpainPablo Fornals
67%
MFWolvesPortugalRuben Neves
67%
MFBrighton & Hove AlbionMaliYves Bissouma
60%
MFNewcastle UnitedEnglandJonjo Shelvey
53%
MFNorwich CityScotlandBilly Gilmour
40%
MFEvertonEnglandFabian Delph
27%
MFBrentfordDenmarkMathias Jensen
27%
MFWatfordEnglandTom Cleverley
27%
MFBurnleyEnglandJosh Brownhill
20%

Score Distribution

Percentile by Number Answered

Percent of People with Each Score

Your Score History

You have not taken this quiz